Political theatre in India: A study in Bhoma, Naadugadhika and Hallabol / (Record no. 83898)

MARC details
000 -LEADER
fixed length control field 00997nam a22003497a 4500
003 - CONTROL NUMBER IDENTIFIER
control field OSt
005 - DATE AND TIME OF LATEST TRANSACTION
control field 20241207115506.0
008 - FIXED-LENGTH DATA ELEMENTS--GENERAL INFORMATION
fixed length control field 241207b |||||||| |||| 00| 0 eng d
040 ## - CATALOGING SOURCE
Transcribing agency STCPL
041 ## - LANGUAGE CODE
Language code of text/sound track or separate title English
082 ## - DEWEY DECIMAL CLASSIFICATION NUMBER
Classification number 820
Item number JIN-P
100 ## - MAIN ENTRY--PERSONAL NAME
Personal name Jinu C Thomas
110 ## - GUIDE
Theses guided by Guided by Dr Augustine Joseph
111 ## - REARCH CENTRE
University and Center Dept. of English, St Thomas College Palai, Mahatma Gandhi University, Kottayam
245 ## - TITLE STATEMENT
Title Political theatre in India: A study in Bhoma, Naadugadhika and Hallabol /
Statement of responsibility, etc. by Jinu C Thomas
260 ## - PUBLICATION, DISTRIBUTION, ETC.
Place of publication, distribution, etc. Pala:
Date of publication, distribution, etc. January 2022
300 ## - PHYSICAL DESCRIPTION
Extent 245 p.
Other physical details Paper Back
650 ## - SUBJECT ADDED ENTRY--TOPICAL TERM
Topical term English language and literature
650 ## - SUBJECT ADDED ENTRY--TOPICAL TERM
Topical term India
650 ## - SUBJECT ADDED ENTRY--TOPICAL TERM
Topical term Political theatre
650 ## - SUBJECT ADDED ENTRY--TOPICAL TERM
Topical term Drama
650 ## - SUBJECT ADDED ENTRY--TOPICAL TERM
Topical term Bhoma
650 ## - SUBJECT ADDED ENTRY--TOPICAL TERM
Topical term Naadugadhika
650 ## - SUBJECT ADDED ENTRY--TOPICAL TERM
Topical term Hallabol
650 ## - SUBJECT ADDED ENTRY--TOPICAL TERM
Topical term Colonial period
650 ## - SUBJECT ADDED ENTRY--TOPICAL TERM
Topical term Independence struggle
650 ## - SUBJECT ADDED ENTRY--TOPICAL TERM
Topical term Theatre activism
650 ## - SUBJECT ADDED ENTRY--TOPICAL TERM
Topical term Sabaltern people
650 ## - SUBJECT ADDED ENTRY--TOPICAL TERM
Topical term Social element
942 ## - ADDED ENTRY ELEMENTS (KOHA)
Koha item type Theses
942 ## - ADDED ENTRY ELEMENTS (KOHA)
Source of classification or shelving scheme Dewey Decimal Classification
Suppress in OPAC No
Holdings
Withdrawn status Lost status Source of classification or shelving scheme Damaged status Not for loan Collection code Home library Current library Shelving location Date acquired Total Checkouts Full call number Barcode Date last seen Price effective from Koha item type
    Dewey Decimal Classification   Reference Book English ST. THOMAS COLLEGE LIBRARY, PALAI ST. THOMAS COLLEGE LIBRARY, PALAI Theses 2024-12-07   820 JIN-P T311 2024-12-07 2024-12-07 Theses
Rights reserved ©2021 ST. THOMAS COLLEGE LIBRARY
A joint venture of - St. Thomas College Library and
Department of Computer Science, St. Thomas Collge Palai